[Event "Palafrugell Gelpi Memorial 27th"]
[Site "Palafrugell"]
[Date "2012.11.10"]
[Round "8"]
[White "Rovira Ruiz, Enric"]
[Black "Marti Figueras, Joan Sebastia"]
[Result "1-0"]
[WhiteElo "1752"]
[BlackElo "1686"]
[PlyCount "69"]
[EventDate "2012.09.22"]
[EventType "swiss"]
[EventRounds "9"]
[EventCountry "ESP"]
[SourceTitle "EXT 2014"]
[Source "ChessBase"]
[SourceDate "2013.11.20"]
[SourceVersion "1"]
[SourceVersionDate "2013.11.20"]
[SourceQuality "1"]

1. d4 d5 2. c4 e6 3. Nf3 c6 4. e3 Nf6 5. Nc3 Bd6 6. Bd3 Nbd7 7. 0-0 0-0 8. Re1 Re8 9. Qc2 e5 10. e4 dxe4 11. Nxe4 Nxe4 12. Bxe4 h6 13. Bd2 exd4 14. Nxd4 Nf6 15. Bc3 Nxe4 16. Rxe4 Rxe4 17. Qxe4 Bd7 18. Nf5 Bxf5 19. Qxf5 Qh4 20. g3 Qxc4 21. Qd7 Bc5 22. Qxb7 Re8 23. Qd7 Re2 24. Qc8+ Kh7 25. Rf1 Bxf2+ 26. Rxf2 Qc5 27. Qf5+ Qxf5 28. Rxf5 Re7 29. Kg2 g6 30. Re5 Rxe5 31. Bxe5 Kg8 32. Kf3 Kf8 33. Ke4 Ke7 34. Kd4 Kd7 35. Kc5 1-0